| 000 | 00844cab a2200265 4500 | ||
|---|---|---|---|
| 001 | WB3008-16 | ||
| 008 | 090401t1994 xxu||||| |||| 00| 0 eng d | ||
| 035 | _a(Sirsi) u76062 | ||
| 041 | _aeng | ||
| 245 | 2 | _aA health warning | |
| 260 | _c1994 | ||
| 350 | _a0 | ||
| 490 |
_aFinancial Times _v25 February 1994, 13 |
||
| 490 |
_aEstates Gazette _v(9048) 26 fEbruary 1994, 37(2) |
||
| 520 | _aA survey of company finance directors for Hillier Parker has highlighted growing concern for sound management of property assets and reasons for this new attitude. | ||
| 650 | _aATTITUDES | ||
| 650 | _aCOMPANIES | ||
| 650 | _aOPERATIONAL PROPERTY ASSETS | ||
| 650 | _aPROPERTY ASSETS | ||
| 650 | _aPROPERTY COSTS | ||
| 650 |
_aProperty management _96262 |
||
| 690 | _aCOMMERCIAL PROPERTY-MANAGEMENT | ||
| 942 | _n0 | ||
| 948 | _c04/03/1997 | ||
| 999 |
_c47858 _d47858 |
||